000 06862nam a22006495a 4500
005 20100922143646.0
010 _aB-412963-999
020 _c490.00
_a818357243X
035 _aB-412963-999
037 _bUnique Publishers
082 _a510
100 _aSingh, R.P.
_921223
245 _aAIEEE mathematics made easy:
_cby R.P. Singh; edited by Avinashi Singh
_bunique formula for success /
260 _aNew Delhi
_bUnique Publishers
_c2010
270 _aM-51, Lajpat Nagar-II
_bNew Delhi
_e110024
300 _aVarious pagings
_c30cm(pbk)
700 _aAvinashi Singh
_921212
942 _2ddc
_cEN
_mSIN
_h510
999 _c35854
_d35854